00474 a2200169 450000100060000002000150000604000240002124000430004524500380008830000070012636200090013344000180014265000310016094200070019195200890019899900170028769583 a8506036291 cAnchieta - Itaigara10aO mistério da quadrilha do lixolpor10aO mistério da quadrilha do lixo a640 a2005 1aMelhoramentos 4aLiteratura infanto-juvenil cBK 00104070a88.1b88.1d2023-11-21l0p2054/ITAr2023-11-21 20:04:12w2023-11-21yBK c69583d69583